00521 2200205 4500001002100000005001500021035002000036007000300056008004100059020002200100082001000122084001600132100001700148245003300165250001000198260004000208300002600248520002900274990001200303INLIS00000000000308020190207095902 a0010-0219000022ta190207 g 0 ind  a978-979-25-3835-9 a302.2 a302.2 ANW o0 aANWAR,Arifin1 aOpini Publik /cANWAR,Arifin acet.1 aJakarta :bPustaka Indonesia,c2008 a210 hlm ;c15 x 21 cm aBIBLIOGRAFI: hlm 201-208 a1071208